000 00647nam a2200217Ia 4500
003 SISC
005 20181009090433.0
008 180918s9999 xx 000 0 und d
020 _a9780190304652
050 _aHM 121
_b.M216 2017
100 _aMahoney, James
245 _cJames Mahoney
_aPublic relations writing/
250 _a3rd ed.
260 _aAustralia:
_bOxford University Press
_c2017
300 _a282 pages :
_billustrated ;
_c24 cm.
500 _aIncludes bibliographic references and index.
650 _aPublic relations -- Australia
650 _awritten communication -- Australia
942 _2lcc
_cBK
999 _c358791
_d358791